000 00624nam a2200229Ia 4500
003 OSt
005 20220925230511.0
006 a|||||r|||| 00| 0
007 ta
008 220923b |||||||| |||| 00| 0 eng d
037 _cGeneral Book
040 _aRTL
_cRTL
_beng
041 _2eng
_aeng
082 _aY:45111, L1
100 _aAlvarez A
_955530
245 0 _aSavage god
_b A study of suicide
260 _aLondon
_bWeidenfeld and Nicolson
_c1971
300 _axiv, 250p
_ccm.
650 _aSocial Crime
_9233199
942 _hY:45111, L1
_cGB
_2CC
999 _c585744
_d585744